Monetary policy implementation at different stages of market development / (Record no. 3582)

MARC details
000 -LEADER
fixed length control field 02219cam a22003494a 4500
001 - CONTROL NUMBER
control field 14351553
003 - CONTROL NUMBER IDENTIFIER
control field OSt
005 - DATE AND TIME OF LATEST TRANSACTION
control field 20230704090131.0
008 - FIXED-LENGTH DATA ELEMENTS--GENERAL INFORMATION
fixed length control field 060424s2005 dcu b i000 0 eng c
010 ## - LIBRARY OF CONGRESS CONTROL NUMBER
LC control number 2006296253
020 ## - INTERNATIONAL STANDARD BOOK NUMBER
International Standard Book Number 1589064380
035 ## - SYSTEM CONTROL NUMBER
System control number (OCoLC)ocm63051053
040 ## - CATALOGING SOURCE
Original cataloging agency DBI
Transcribing agency DBI
Modifying agency DBI
-- UNA
-- AFQ
-- VP@
-- BAKER
-- DLC
042 ## - AUTHENTICATION CODE
Authentication code pcc
082 00 - DEWEY DECIMAL CLASSIFICATION NUMBER
Classification number 339.5
Item number LAU
245 00 - TITLE STATEMENT
Title Monetary policy implementation at different stages of market development /
Statement of responsibility, etc. by a staff team led by Bernard J. Laurens.
260 ## - PUBLICATION, DISTRIBUTION, ETC. (IMPRINT)
Place of publication, distribution, etc. Washington, DC :
Name of publisher, distributor, etc. International Monetary Fund,
Date of publication, distribution, etc. 2005.
300 ## - PHYSICAL DESCRIPTION
Extent vi, 99 p. ;
Dimensions 28 cm.
490 1# - SERIES STATEMENT
Series statement Occasional paper / International Monetary Fund ;
Volume/sequential designation 244
504 ## - BIBLIOGRAPHY, ETC. NOTE
Bibliography, etc Includes bibliographical references (p. 96-97).
505 0# - FORMATTED CONTENTS NOTE
Formatted contents note Glossary of monetary instruments -- Pt. 1. A framework for sequencing reforms. Overview -- The growing reliance on money market operations for monetary policy -- Lessons from country experience -- Implications for policy design and coordination -- Agenda for action to enhance monetary policy effectiveness -- Sequencing reforms -- Implications for fund operations -- Pt. 2. Selected country experiences with money market operations. Case studies: Democratic Republic of the Congo ; Easter Caribbean Currency Union ; Egypt ; The Gambia ; Kyrgyz Republic ; Malta ; Tonga ; Tunisia ; Uganda ; Ukraine ; Vanuatu ; Zambia -- Appendixes. Channels of transmission of monetary policy -- Eligible assets: European Central Bank and Banque de France -- Enhancing liquidity management and forecasting -- Cross-country experiences with a liquidity surplus -- Selected cross ccountry experiences with interbank market development.
650 #0 - SUBJECT ADDED ENTRY--TOPICAL TERM
Topical term or geographic name as entry element Monetary policy
Geographic subdivision Developing countries.
650 #0 - SUBJECT ADDED ENTRY--TOPICAL TERM
Topical term or geographic name as entry element Banks and banking, Central.
650 #0 - SUBJECT ADDED ENTRY--TOPICAL TERM
Topical term or geographic name as entry element Money market
Geographic subdivision Developing countries.
700 1# - ADDED ENTRY--PERSONAL NAME
Personal name Laurens, Bernard.
710 2# - ADDED ENTRY--CORPORATE NAME
Corporate name or jurisdiction name as entry element International Monetary Fund.
830 #0 - SERIES ADDED ENTRY--UNIFORM TITLE
Uniform title Occasional paper (International Monetary Fund) ;
Volume number/sequential designation 244
856 41 - ELECTRONIC LOCATION AND ACCESS
Materials specified Table of contents only
Uniform Resource Identifier <a href="http://www.loc.gov/catdir/toc/fy0609/2006296253.html">http://www.loc.gov/catdir/toc/fy0609/2006296253.html</a>
906 ## - LOCAL DATA ELEMENT F, LDF (RLIN)
a 7
b cbc
c pccadap
d 2
e ncip
f 20
g y-gencatlg
942 ## - ADDED ENTRY ELEMENTS (KOHA)
Source of classification or shelving scheme Dewey Decimal Classification
Koha item type Books
Holdings
Withdrawn status Lost status Source of classification or shelving scheme Damaged status Not for loan Home library Current library Date acquired Total Checkouts Full call number Barcode Date last seen Price effective from Koha item type
    Dewey Decimal Classification     County Hall Archives County Hall Archives 07/04/2023   339.5 LAU 10002392 07/04/2023 07/04/2023 Books
LIBRARY OPENING HOURS

When the Parliament is sitting: 8.00a.m - 7.00p.m or until the house adjourns
Mondays and Fridays and when the House is on Recess:  8.00a.m - 5.00p.m
Closed on Weekends and Public Holidays

Online Public Access Catalog (OPAC)
Website: http://www.parliament.go.ke
Bunge Library: https://libraryir.parliament.go.ke
Contact: library@parliament.go.ke | Tel no: (254-2)2221291 or 2848000 Ext 5043